| 000 | 00693nam a22002057a 4500 | ||
|---|---|---|---|
| 999 |
_c11518 _d11518 |
||
| 003 | AR-CdUCM | ||
| 008 | 190404b ||||| |||| 00| 0 spa d | ||
| 040 |
_aMUNICIPALIDAD PROVINCIAL DEL CUSCO _cBIBLIOTECA MUNICIPAL DEL CUSCO |
||
| 082 |
_aEP / 372.460 / _bC93 |
||
| 110 |
_aEditorial Escuela Nueva S. A. _928935 |
||
| 245 |
_aCuaderno de Trabajo de Lenguaje Escuela Nueva : _bCuarto Grado de Primaria / |
||
| 260 |
_aLima : _bEscuela Nueva S. A. |
||
| 300 |
_a151 páginas ; _bIlustraciones _c28cm |
||
| 500 | _aEducación primaria 4to | ||
| 505 | _aContenido: Lenguaje | ||
| 650 |
_aLenguaje _95227 |
||
| 650 |
_aEducación primaria _91561 |
||
| 942 |
_2ddc _cLIBROS |
||
| 945 | _anom | ||